Láska a smrť

Bibliographic Details
Main Author: Rybák, Július, 1933-2021 (Author)
Other Authors: Medvecká, Mária, 1914-1987 (Illustrator)
Format: Book
Language:Slovak
PhysicalDescription:65 s. 17 cm
Published: V Košiciach Bibliofilské vydavateľstvo 1994
Edition:1. vyd.
Subjects:

MARC

LEADER 00000cam a2200000 a 4500
001 vtls008284001
003 SK-MaSNL
005 20260301122755.0
008 220511s1994 xo g 010 p slo
015 |a SNBA1994 
035 |a SVKPOKN095480 
035 |a urn:nbn:sk:snk-amje0n 
035 |a urn:nbn:sk:snk-am0012wy 
035 |a 6A9840DC-D29B-400A-B77D-B3F235B6A0C3 
040 |a SNK  |b slo  |c SNK  |e AACR2 
041 0 |a slo 
044 |a xo  |c SK 
072 7 |a 821.162.4-1  |x Slovenská poézia  |2 konspekt 
080 |a 821.162.4-1  |2 2001 
100 1 |a Rybák, Július,  |d 1933-2021  |4 aut  |9 102379 
245 1 0 |a Láska a smrť  |c Julo Rybák ; [ilustrácia Mária Medvecká] 
250 |a 1. vyd. 
260 |a V Košiciach  |b Bibliofilské vydavateľstvo  |c 1994 
300 |a 65 s.  |c 17 cm 
655 7 |a slovenská poézia  |2 SNKPH  |9 70444 
700 1 |a Medvecká, Mária,  |d 1914-1987  |4 ill  |9 118185 
752 |a Slovensko  |d Košice 
954 |a beletria pôvodná (slovenská)  |2 lita 
958 |a OND 
999 |c 734079  |d 736009 
952 |a SNK  |b SNK  |y PREZ  |7 0  |p 17A0570953  |o snkSD 77849  |i snk2008/21180  |8 1  |0 0  |1 0  |4 0  |d 2008-10-31  |l 0  |r 2025-11-25 00:00:00  |w 2026-02-23 
952 |a SNK  |b SNK  |y VYP  |7 0  |p 17A0570932  |o snkSD 77849 D1  |i snk2008/21181  |8 1  |0 0  |1 0  |4 0  |d 2008-10-31  |l 0  |r 2017-06-30 00:00:00  |w 2026-02-23